Language Quiz

Random Language or Numbers Quiz

The Braille Alphabet Quiz Stats

Quiz Updated Apr 4, 2016

Challenge
Share
Tweet
Score 0/26 Timer 03:00
7 Plays Today
% Correct
???
75.6%
???
74.4%
???
66%
???
64.9%
???
63.1%
???
63.1%
???
62.2%
???
61.8%
???
60.9%
???
59.3%
???
58.3%
???
58.2%
???
58.1%
% Correct
???
57.5%
???
57.2%
???
57%
???
56.9%
???
55.8%
???
55%
???
53.7%
???
52.8%
???
52.5%
???
51.9%
???
50.1%
???
49.9%
???
45.6%

You're not logged in!

Compare scores with friends on all Sporcle quizzes.
Join for Free
OR
Log In

You Might Also Like...

Show Comments

Extras

Top Quizzes Today


Score Distribution

Your Account Isn't Verified!

In order to create a playlist on Sporcle, you need to verify the email address you used during registration. Go to your Sporcle Settings to finish the process.

Report this User

Report this user for behavior that violates our Community Guidelines.

Details: